Blockchain Gaps: From Myth To Real Life (Record no. 369378)

MARC details
000 -LEADER
fixed length control field 00256 a2200109 4500
005 - DATE AND TIME OF LATEST TRANSACTION
control field 20251216114226.0
020 ## - INTERNATIONAL STANDARD BOOK NUMBER
International Standard Book Number 9789813360518
100 ## - MAIN ENTRY--PERSONAL NAME
Personal name Matsuo S.
9 (RLIN) 215851
245 ## - TITLE STATEMENT
Title Blockchain Gaps: From Myth To Real Life
260 ## - PUBLICATION, DISTRIBUTION, ETC. (IMPRINT)
Name of publisher, distributor, etc. Springer
Date of publication, distribution, etc. 2021
942 ## - ADDED ENTRY ELEMENTS (KOHA)
Koha item type Article
Holdings
Withdrawn status Lost status Source of classification or shelving scheme Reference No Damaged status Not for loan Home library Current library Date acquired Vendor Cost, normal purchase price Total Checkouts Full call number Barcode Date last seen Cost, replacement price Bill Date Koha item type
    Dewey Decimal Classification Ref 155 IT (70134)     Cummins College of Engineering for Women Pune Cummins College of Engineering for Women Pune 09/01/2026 155 5482.84   005.8 MAT CCEP-BK-70134 09/01/2026 7310.45 09/01/2026 Books